Italiaa lähimpänä olevat valtiot - Statistics

Yleistilastot
  • Tätä visaa on pelattu 1 751 kertaa
  • Keskiarvotulos 17 / 20
Vastaustilastot
Kilometrit Valtio % Oikein
0 Ranska
98%
0 Itävalta
95%
0 Sveitsi
95%
0 Vatikaanivaltio
95%
0 San Marino
93%
12 Kroatia
91%
0 Slovenia
91%
45 Saksa
90%
78 Kreikka
89%
81 Malta
88%
8 Monaco
86%
73 Albania
83%
153 Bosnia ja Hertsegovina
82%
174 Montenegro
78%
68 Liechtenstein
77%
218 Tšekki
77%
188 Unkari
75%
214 Algeria
63%
204 Pohjois-Makedonia
63%
71 Tunisia
63%
Ehtoja vastaavia visoja ei löytynyt
Tulosjakauma
Jokaisen tuloksen saaneiden osuus
Persentiili vastausten määrän mukaan
Tuloshistoriasi
Et ole pelannut tätä visaa